[Event "Pohár města Říčany 2018"]
[Site "Městské kulturní středisko U labutě"]
[Date "2019.08.30"]
[Round "8.16"]
[White "Skala, Jaromir"]
[Black "Stojkovic, Andreja"]
[Result "1/2-1/2"]
[WhiteElo "1899"]
[BlackElo "1968"]
[PlyCount "0"]
[EventDate "2019.08.24"]

1. d4 Nf6 2. c4 c5 3. d5 e6 4. Nc3 exd5 5. cxd5 d6 6. g3 g6 7. Bg2 Bg7 8. Nh3
O-O 9. O-O Re8 10. Qc2 a6 11. a4 Nbd7 1/2-1/2

[Event "Pohár města Říčany 2018"]
[Site "Městské kulturní středisko U labutě"]
[Date "2019.08.30"]
[Round "8.17"]
[White "Smolik, Jachym"]
[Black "Vilimova, Julie"]
[Result "1-0"]
[WhiteElo "1891"]
[BlackElo "1953"]
[PlyCount "0"]
[EventDate "2019.08.24"]

1. d4 d5 2. c4 e6 3. Nc3 Nf6 4. cxd5 exd5 5. Bg5 Be7 6. e3 O-O 7. Bd3 h6 8. Bf4
b6 9. h3 c5 10. Nf3 Bb7 11. O-O Nc6 12. Ne5 Nxe5 13. Bxe5 Nd7 14. Bf4 Bf6
15. Bf5 cxd4 16. exd4 Nb8 17. Re1 Nc6 18. Nb5 Bg5 19. Bxg5 Qxg5 20. Bg4 Qf6
21. Re3 a6 22. Rf3 Qe7 23. Nc3 Rad8 24. Rd3 Qb4 25. Qd2 a5 26. a3 Qe7 27. Bf3
Qe6 28. Re1 Qf5 29. g4 Qg6 30. Bxd5 Ba6 31. Rde3 h5 32. Bxc6 Qxc6 33. gxh5 Bb7
34. d5 Qh6 35. Qd4 Qxh5 36. Rg3 g6 37. Ne4 f6 38. Nxf6+ Rxf6 39. Qxf6 1-0

[Event "Pohár města Říčany 2018"]
[Site "Městské kulturní středisko U labutě"]
[Date "2019.08.30"]
[Round "8.18"]
[White "Cermak, Jan"]
[Black "Hrbek, Tomas"]
[Result "0-1"]
[WhiteElo "1912"]
[BlackElo "1744"]
[PlyCount "0"]
[EventDate "2019.08.24"]

1. e4 e5 2. Nf3 Nf6 3. Nxe5 d6 4. Nf3 Nxe4 5. Nc3 Nxc3 6. dxc3 Be7 7. Be3 O-O
8. Qd2 Nc6 9. O-O-O Rb8 10. h4 Bf6 11. Ng5 Ne5 12. f3 b5 13. Bd3 h6 14. Ne4 Be6
15. Kb1 b4 16. Nxf6+ Qxf6 17. cxb4 Nxd3 18. cxd3 a5 19. bxa5 Rb5 20. Rc1 Rfb8
21. Rc2 Qf5 22. Qc3 Rxa5 23. a3 Rb3 24. g4 Qb5 25. Qxc7 Rbxa3 0-1

[Event "Pohár města Říčany 2018"]
[Site "Městské kulturní středisko U labutě"]
[Date "2019.08.30"]
[Round "8.19"]
[White "Elias, Jakub"]
[Black "Kovar, Jan"]
[Result "1-0"]
[WhiteElo "1836"]
[BlackElo "1885"]
[PlyCount "0"]
[EventDate "2019.08.24"]

1. e4 e6 2. d4 d5 3. Nc3 Nf6 4. e5 Nfd7 5. f4 c5 6. Nf3 Nc6 7. Be3 a6 8. Qd2 b5
9. a3 Qb6 10. Ne2 b4 11. axb4 Qxb4 12. c3 Qb7 13. Ng3 cxd4 14. Nxd4 Nc5 15. Rb1
Nxd4 16. Qxd4 Nb3 17. Qd1 Bd7 18. Bd3 Bc5 19. Bxc5 Nxc5 20. Bc2 Bb5 21. b4 Nd7
22. Bd3 Qb6 23. Qe2 O-O 24. Bxb5 axb5 25. Qf2 Qxf2+ 26. Kxf2 Ra2+ 27. Kf3 Rfa8
28. Ne2 R8a3 29. Rbc1 Rd2 30. Rhd1 Rxd1 31. Rxd1 Nb6 32. Rc1 Na4 33. Ke3 Kf8
34. Kd2 Nb6 35. Nd4 Nc4+ 36. Ke2 Ra2+ 37. Rc2 Ra1 38. Nxb5 f6 39. exf6 gxf6
40. Nc7 Rg1 41. Kf2 Rxg2+ 42. Kxg2 Ne3+ 43. Kf3 Nxc2 44. Nxe6+ Ke7 45. Nd4 Na3
46. Kg4 Nb1 47. Ne2 Ke6 48. b5 Kd6 49. Kf5 Kc5 50. Ke6 Kxb5 51. Kxd5 Nd2
52. Nd4+ Kb6 53. c4 Kc7 54. c5 Nf1 55. Ne6+ Kc8 56. Nf8 h6 57. h4 Ne3+ 58. Ke6
Ng2 59. Ng6 Kc7 60. Kxf6 Kc6 61. Kg7 Ne3 62. Kxh6 Kxc5 63. Kg5 Nd5 64. h5 Nc7
65. f5 1-0

[Event "Pohár města Říčany 2018"]
[Site "Městské kulturní středisko U labutě"]
[Date "2019.08.30"]
[Round "8.20"]
[White "Nemecek, Lukas"]
[Black "Vavrinec, Tomas"]
[Result "1/2-1/2"]
[WhiteElo "1778"]
[BlackElo "1994"]
[PlyCount "0"]
[EventDate "2019.08.24"]

1. e4 e6 2. d4 d5 3. exd5 exd5 4. c4 Bb4+ 5. Nc3 Nf6 6. Bd3 O-O 7. Ne2 dxc4
8. Bxc4 Nbd7 9. O-O Nb6 10. Bb3 c6 11. Bg5 Be7 12. Qd3 Nfd5 13. Bxe7 Nxe7
14. Ng3 Nbd5 15. Rad1 Be6 16. Nxd5 Bxd5 17. Bc2 g6 18. Rfe1 Qd7 19. Nh5 f6
20. Nf4 Rfe8 21. Nxd5 Nxd5 22. Bb3 Kg7 23. Qf3 Nb6 24. h3 Rad8 25. Rxe8 Qxe8
26. d5 cxd5 27. Bxd5 Qe5 28. Bxb7 Rxd1+ 29. Qxd1 Qxb2 30. Bd5 Qe5 31. Bb3 Qc7
32. Qd4 Qc1+ 33. Kh2 Qc7+ 34. Kg1 Qc1+ 35. Kh2 Qe1 36. Qc5 Qe8 37. Qc7+ Qd7
38. Qxd7+ Nxd7 39. Kg3 Kf8 40. Kf3 Ke7 41. Ke3 Kd6 42. Kd4 Nb8 43. f4 1/2-1/2

[Event "Pohár města Říčany 2018"]
[Site "Městské kulturní středisko U labutě"]
[Date "2019.08.30"]
[Round "8.21"]
[White "Postupa, Pavel"]
[Black "Stork, Rostislav"]
[Result "0-1"]
[WhiteElo "1940"]
[BlackElo "1724"]
[PlyCount "0"]
[EventDate "2019.08.24"]

1. e4 e5 2. Nf3 Nf6 3. Nc3 Nc6 4. Bb5 Nd4 5. Ba4 Nxf3+ 6. Qxf3 Bc5 7. d3 O-O
8. Bg5 Be7 9. Bb3 c6 10. Be3 d6 11. h3 Be6 12. Ne2 Qa5+ 13. Bd2 Qc5 14. c3 d5
15. Bc2 b5 16. Ng3 dxe4 17. dxe4 Rfd8 18. Be3 Qd6 19. O-O Ne8 20. Nf5 Qc7
21. Nxe7+ Qxe7 22. Qg3 f6 23. b4 a5 24. Bb6 Rd2 25. Bc5 Qf7 26. Rfc1 axb4
27. cxb4 Rxa2 28. Qc3 Rd7 29. Rxa2 Bxa2 30. Ra1 Qc4 31. Qb2 0-1

[Event "Pohár města Říčany 2018"]
[Site "Městské kulturní středisko U labutě"]
[Date "2019.08.30"]
[Round "8.22"]
[White "Dubnicka, Augustin"]
[Black "Salac, Jiri"]
[Result "1-0"]
[WhiteElo "1734"]
[BlackElo "1881"]
[PlyCount "0"]
[EventDate "2019.08.24"]

1. d4 d5 2. Bf4 Bf5 3. e3 c6 4. c3 Nf6 5. Nf3 e6 6. Bd3 Qb6 7. b3 Nbd7 8. Bxf5
exf5 9. Nbd2 Ne4 10. Qc2 Qa5 11. Rc1 Be7 12. Nxe4 fxe4 13. Nd2 O-O 14. O-O Qd8
15. b4 b5 16. Nb3 Nb6 17. Na5 Qd7 18. f3 f5 19. fxe4 fxe4 20. Qe2 Nc4 21. Nxc4
bxc4 22. a3 a5 23. Ra1 axb4 24. axb4 g5 25. Be5 Rxf1+ 26. Rxf1 Qe6 27. h3 h6
28. Qh5 Bd8 29. Bf6 Qxf6 30. Qe8+ Kg7 31. Rxf6 1-0

[Event "Pohár města Říčany 2018"]
[Site "Městské kulturní středisko U labutě"]
[Date "2019.08.30"]
[Round "8.23"]
[White "Lhotsky, Frantisek"]
[Black "Konvalinka, Vladislav"]
[Result "1-0"]
[WhiteElo "1865"]
[BlackElo "1657"]
[PlyCount "0"]
[EventDate "2019.08.24"]

1. d4 d5 2. c4 c6 3. Nc3 Nf6 4. Nf3 dxc4 5. a4 Bf5 6. Ne5 Nbd7 7. Nxc4 Qc7
8. g3 e5 9. dxe5 Nxe5 10. Bf4 Nfd7 11. Bg2 g5 12. Ne3 gxf4 13. Nxf5 O-O-O
14. Qc2 Ng4 15. O-O fxg3 16. hxg3 h5 17. Rab1 Kb8 18. Nb5 Qb6 19. Nbd4 Bc5
20. e3 Bxd4 21. Nxd4 Nde5 22. a5 Qxa5 23. b4 Qb6 24. b5 cxb5 25. Nxb5 Rc8
26. Nc3 Qc7 27. Qa4 Nc6 28. Ra1 a6 29. Rfb1 Ka8 30. Nd5 Qd8 31. Qxa6+ bxa6
32. Rxa6+ Na7 1-0

[Event "Pohár města Říčany 2018"]
[Site "Městské kulturní středisko U labutě"]
[Date "2019.08.30"]
[Round "8.24"]
[White "Matys, Jakub"]
[Black "Cervenka, Petr"]
[Result "0-1"]
[WhiteElo "1772"]
[BlackElo "1850"]
[PlyCount "0"]
[EventDate "2019.08.24"]

1. d4 e6 2. c4 f5 3. Nc3 Nf6 4. Nf3 Be7 5. g3 O-O 6. Bg2 d6 7. O-O Ne4 8. Qc2
d5 9. e3 b6 10. Ne5 Bb7 11. Ne2 Nd7 12. Nf4 Nxe5 13. dxe5 Qd7 14. Rd1 g5 15. Ne2
c6 16. f3 Nc5 17. b4 Na6 18. a3 Qe8 19. Bb2 Rc8 20. Rd2 Nc7 21. c5 Rf7 22. Bd4
bxc5 23. Bxc5 Bxc5 24. Qxc5 Na6 25. Qxa7 c5 26. bxc5 Rc6 27. Nd4 Ba8 28. Nxc6
Rxa7 29. Nxa7 Qb8 30. Bf1 Qxa7 31. Bxa6 Qxa6 32. Rb2 Kf7 33. Rb8 d4 34. e4 fxe4
35. fxe4 Bxe4 36. Rf1+ Ke7 37. Rg8 Kd7 38. c6+ Kxc6 39. Rc1+ Kd5 40. Rgc8 Kxe5
41. R8c5+ Bd5 42. Re1+ Kd6 43. Rec1 Qxa3 44. Rc8 Qe3+ 45. Kf1 d3 46. Rd8+ Ke7
47. Rxd5 Qxc1+ 0-1

[Event "Pohár města Říčany 2018"]
[Site "Městské kulturní středisko U labutě"]
[Date "2019.08.30"]
[Round "8.25"]
[White "Kalvach, Ladislav"]
[Black "Kuhnmund, Ivan"]
[Result "1/2-1/2"]
[WhiteElo "1784"]
[BlackElo "1631"]
[PlyCount "0"]
[EventDate "2019.08.24"]

1. e4 c5 2. Ne2 a6 3. c3 e5 4. d4 cxd4 5. cxd4 exd4 6. Nxd4 Nc6 7. Nxc6 bxc6
8. Bc4 Nf6 9. O-O d6 10. Qb3 d5 11. exd5 cxd5 12. Re1+ Be7 13. Bd3 O-O 14. Bg5
Be6 15. Nd2 Rb8 16. Qc2 h6 17. Bh4 Bd6 18. Nb3 Bxh2+ 19. Kh1 g5 20. Kxh2 gxh4
21. Qd2 Qd6+ 22. f4 Rb4 1/2-1/2

[Event "Pohár města Říčany 2018"]
[Site "Městské kulturní středisko U labutě"]
[Date "2019.08.30"]
[Round "8.26"]
[White "Horyna, Josef"]
[Black "Holub, Milan"]
[Result "1/2-1/2"]
[WhiteElo "1763"]
[BlackElo "1988"]
[PlyCount "0"]
[EventDate "2019.08.24"]

1. d4 Nf6 2. Nf3 e6 3. g3 Be7 4. Bg2 O-O 5. O-O d5 6. c4 Nbd7 7. cxd5 exd5
8. Nc3 c6 9. Qc2 h6 10. Rd1 Re8 11. e3 Bd6 12. b3 Nf8 13. Bb2 Bg4 14. Re1 Ne6
15. a3 Qd7 16. Ne5 Bxe5 17. dxe5 Nh7 18. f4 g6 19. Ne2 Bf5 20. Qc3 Qe7 21. Nd4
Nxd4 22. exd4 b5 23. b4 Nf8 24. a4 Be6 25. Ba3 Nd7 26. Rac1 1/2-1/2

[Event "Pohár města Říčany 2018"]
[Site "Městské kulturní středisko U labutě"]
[Date "2019.08.30"]
[Round "8.27"]
[White "Day, Tobias"]
[Black "Jirousek, Tadeas"]
[Result "1-0"]
[WhiteElo "1761"]
[BlackElo "1856"]
[PlyCount "0"]
[EventDate "2019.08.24"]

1. e4 c5 2. Nf3 e6 3. Nc3 Nc6 4. Bb5 a6 5. Bxc6 bxc6 6. d3 d5 7. O-O Nf6 8. h3
Qc7 9. Nh2 Be7 10. f4 O-O 11. Qf3 Re8 12. g4 Nd7 13. Ne2 Nb6 14. g5 c4 15. Ng4
cxd3 16. cxd3 c5 17. Qg3 Kh8 18. e5 d4 19. h4 Rd8 20. b3 a5 21. a4 Rb8 22. Bd2
Nd5 23. Rab1 Ba6 24. Nc1 c4 25. dxc4 Bxc4 26. bxc4 Rxb1 27. cxd5 Rxd5 28. Qd3
Qb7 29. Ne2 Rb3 30. Qe4 Bc5 31. Kh2 d3 32. Nc3 Rb2 33. Rd1 Rd7 34. Kg3 Qb8
35. Nb5 Bb4 36. Bxb4 Rxb4 37. Qc6 Rd8 38. Nd6 Rxd6 39. Qxd6 1-0

[Event "Pohár města Říčany 2018"]
[Site "Městské kulturní středisko U labutě"]
[Date "2019.08.30"]
[Round "8.28"]
[White "Bartos, Vaclav"]
[Black "Otrubova, Kristyna"]
[Result "1-0"]
[WhiteElo "1809"]
[BlackElo "1712"]
[PlyCount "0"]
[EventDate "2019.08.24"]

1. d4 d5 2. c4 Nc6 3. Bf4 Bg4 4. h3 Bf5 5. e3 e6 6. Nc3 Nf6 7. Nf3 Be7 8. g4
Be4 9. Bg2 dxc4 10. Nxe4 Nxe4 11. O-O Nf6 12. Qc1 Nd5 13. Bg3 O-O 14. Qxc4 Rc8
15. Rac1 Kh8 16. Rfe1 Bd6 17. Bxd6 cxd6 18. Qb3 Qd7 19. Nd2 Nb6 20. Ne4 Nd5
21. a3 Rc7 22. Rc2 Na5 23. Rxc7 Qxc7 24. Qd3 h6 25. b4 Nc6 26. Rc1 Qd7 27. Ng3
Nb6 28. Qb5 d5 29. Bf1 Nc8 30. Qc5 Nd6 31. b5 Rc8 32. Rb1 Ne5 33. Qxa7 Nf3+
34. Kg2 Nd2 35. Rb2 Nxf1 36. Nxf1 Rc3 37. a4 Nc4 38. Ra2 Qc7 39. a5 Nd6 40. b6
Qc4 41. Ra1 Rc2 42. Qb8+ Nc8 43. a6 Qe2 44. Qg3 Nxb6 45. axb7 Nd7 46. b8=Q+ Nxb8
47. Qxb8+ Kh7 48. Qg3 1-0

[Event "Pohár města Říčany 2018"]
[Site "Městské kulturní středisko U labutě"]
[Date "2019.08.30"]
[Round "8.29"]
[White "Dome, Michal"]
[Black "Ocelak, Jakub"]
[Result "1/2-1/2"]
[WhiteElo "1799"]
[BlackElo "1781"]
[PlyCount "0"]
[EventDate "2019.08.24"]

1. e4 e6 2. d4 d5 3. Nd2 Nc6 4. Ngf3 Nf6 5. e5 Nd7 6. Be2 f6 7. exf6 Qxf6
8. Nf1 Bd6 9. Ne3 O-O 10. O-O Nb6 11. Ng4 Qf5 12. h3 e5 13. dxe5 Nxe5 14. Ngxe5
Bxe5 15. Bd3 Qf6 16. Bg5 Qd6 17. c3 1/2-1/2

[Event "Pohár města Říčany 2018"]
[Site "Městské kulturní středisko U labutě"]
[Date "2019.08.30"]
[Round "8.31"]
[White "Hampel, Rudolf"]
[Black "Hadrava, Jaroslav"]
[Result "0-1"]
[WhiteElo "1660"]
[BlackElo "1937"]
[PlyCount "0"]
[EventDate "2019.08.24"]

1. e4 e5 2. Nf3 Nc6 3. Bb5 Nf6 4. O-O Nxe4 5. d4 Nd6 6. Bxc6 dxc6 7. Nxe5 Be7
8. Nc3 O-O 9. Bf4 Nf5 10. Nf3 Re8 11. Re1 Be6 12. Ne4 Bd5 13. c3 Nh4 14. Ned2
Nxf3+ 15. Nxf3 f6 16. Re3 Qd7 17. Qd3 Bd6 18. Bxd6 Rxe3 19. fxe3 cxd6 20. e4 Bf7
21. a3 Re8 22. Re1 Qg4 23. Qe3 h5 24. e5 Bd5 25. Rf1 b6 26. Qf2 fxe5 27. dxe5
Bxf3 28. Qxf3 Qxf3 29. Rxf3 Rxe5 30. Kf2 g6 31. Rd3 d5 32. Rd2 Kf7 33. h3 Ke6
34. g3 Kd6 35. Rc2 Kc5 36. b3 a5 37. b4+ Kc4 38. bxa5 bxa5 39. Rb2 Kxc3 40. Rb6
Re6 41. Ra6 d4 42. Rxa5 d3 43. Rc5+ Kb2 0-1

[Event "Pohár města Říčany 2018"]
[Site "Městské kulturní středisko U labutě"]
[Date "2019.08.30"]
[Round "8.32"]
[White "Feierfeil, Jiri"]
[Black "Rerabek, Jaroslav"]
[Result "1-0"]
[WhiteElo "1671"]
[BlackElo "1733"]
[PlyCount "0"]
[EventDate "2019.08.24"]

1. d4 Nf6 2. c4 d5 3. cxd5 Nxd5 4. e4 Nf6 5. Nc3 a6 6. f3 e6 7. Be3 Be7 8. Bd3
O-O 9. Nge2 b5 10. a3 Bb7 11. O-O Nbd7 12. b4 Re8 13. Qc2 h6 14. Rfd1 Nb6
15. Qb3 c6 16. Bf2 Rc8 17. Nf4 Qc7 18. Bg3 Qd8 19. Bf1 g5 20. Nfe2 Nh5 21. Bf2
Nf6 22. h3 Nbd7 23. Nc1 Nf8 24. Nd3 N8d7 25. g3 Kg7 26. Bg2 h5 27. f4 Nh7 28. e5
Nb6 29. Ne4 Nd5 30. fxg5 Nxg5 31. h4 Nxe4 32. Bxe4 Rg8 33. Qc2 f5 34. exf6+ Nxf6
35. Nf4 Qd6 36. Bf3 Kf7 37. Kf1 Rcd8 38. Re1 Bc8 39. Nd3 Ng4 40. Bxg4 hxg4
41. Ne5+ Ke8 42. Qh7 Rf8 43. Qg6+ 1-0

[Event "Pohár města Říčany 2018"]
[Site "Městské kulturní středisko U labutě"]
[Date "2019.08.30"]
[Round "8.33"]
[White "Strnad, Michael"]
[Black "Nentvich, Libor"]
[Result "1/2-1/2"]
[WhiteElo "1726"]
[BlackElo "1822"]
[PlyCount "0"]
[EventDate "2019.08.24"]

1. e4 c5 2. Nf3 g6 3. d4 cxd4 4. Nxd4 Nc6 5. c4 Bg7 6. Be3 Nf6 7. Nc3 d6 8. Be2
Bg4 9. f3 Bd7 10. O-O O-O 11. Qd2 a6 12. Rfc1 Rc8 13. b3 e6 14. Rd1 Ne8 15. Rac1
Qa5 16. Nxc6 Bxc6 17. Nd5 Qxd2 18. Ne7+ Kh8 19. Rxd2 Rc7 20. Nxc6 Rxc6 21. Rcd1
Bc3 22. Rd3 Bb4 23. f4 Bc5 24. Bxc5 dxc5 25. Rd7 b6 26. e5 Ng7 27. Bf3 Rcc8
28. g4 a5 29. Rb7 Rb8 30. Rdd7 Kg8 31. Kf2 h5 32. h3 Rxb7 33. Rxb7 Rd8 34. Ke3
hxg4 35. hxg4 a4 36. Rxb6 axb3 37. axb3 Rc8 38. Rc6 Rxc6 39. Bxc6 Kf8 40. Kd3
Ke7 41. Kc3 f5 42. exf6+ Kxf6 43. b4 cxb4+ 44. Kxb4 g5 45. fxg5+ Kxg5 46. Bf3
Kf4 47. Bd1 e5 48. c5 Ne6 49. c6 e4 50. Kb5 Ke5 51. Kb6 Kd6 52. g5 Ke5 53. Bg4
e3 54. c7 Nxc7 55. Kxc7 e2 56. Bxe2 Kf5 1/2-1/2

﻿